| 000 | 00000nam##2200000za#4500 |
| 001 | 9.578458 |
| 003 | CaOODSP |
| 005 | 20210624190110 |
| 007 | cr ||||||||||| |
| 008 | 150406|1987||||xxc|||||o f|0| 0 eng|d |
| 022 | |a1488-5379 |
| 040 | |aCaOODSP|beng |
| 043 | |an-cn--- |
| 086 | 1 |aFs97-6/1536E-PDF |
| 110 | 1 |aCanada. |bDepartment of Fisheries and Oceans. |
| 245 | 10|aHarbour seals in the Lacs des Loups Marins and eastern Hudson Bay drainage / |h[electronic resource]|c[by] Thomas G. Smith and George Horonowitsch. |
| 260 | |aSainte-Anne-de-Bellevue - Quebec : |bFisheries and Oceans Canada |c1987. |
| 300 | |a24p.|bfigs., references |
| 490 | 1 |aCanadian technical report of fisheries and aquatic sciences|x1488-5379|vNo. 1536 |
| 500 | |aOn t.p.: Arctic Biological Station, Ste. Anne de Bellevue, Quebec. The catalogue number and ISSN for the print edition appear in the PDF version. |
| 546 | |a(Résumé en français) |
| 590 | |a14-02-Supp|b2014-01-08 |
| 720 | 1 |aSmith, Thomas G. |
| 720 | 1 |aHoronowitsch, George |
| 775 | 08|tPhoques communs dans les Lacs des Loups Marins et le Bassin hydrographique de l'est de la Baie d'Hudson / |w(CaOODSP)9.606498 |
| 830 | #0|aCanadian technical report of fisheries and aquatic sciences,|x1488-5379|vNo. 1536|w(CaOODSP)9.504449 |
| 856 | 40|ahttp://publications.gc.ca|qPDF|s1251 KB|uhttps://publications.gc.ca/collections/collection_2013/mpo-dfo/Fs97-6-1536-eng.pdf|yNo. 1536 |